[Event "45th Olympiad 2024"]
[Site "Budapest HUN"]
[Date "2024.09.14"]
[Round "4.73"]
[Board "1"]
[White "Pg, Md Omar Ak Hafizon"]
[Black "Kumar, Manoj"]
[Result "1/2-1/2"]
[WhiteElo "2159"]
[BlackElo "1951"]
[PlyCount "95"]
[EventDate "2024.09.11"]
[WhiteTeam "Brunei Darussalam"]
[BlackTeam "Fiji"]
[BlackTeamCountry "FIJ"]

1. e4 e5 2. Nf3 Nc6 3. Bc4 Bc5 4. d3 Nf6 5. Bb3 d6 6. c3 Bb6 7. O-O h6 8. Be3 ({RR} 8. Nbd2 a6 9. Nc4 Ba7 10. Be3 O-O 11. Bxa7 Rxa7 12. Re1 Ra8 13. d4 exd4 14. Nxd4 Nxd4 15. Qxd4 Be6 16. Rad1 Re8 17. f3 Nd7 18. Ne3 Bxb3 19. axb3 a5 20. Nf5 Qf6 21. Ra1 Ra6 22. Qa4 Qd8 {1-0 Zhigalko,S (2672)-Gasanov,E (2526) Al Ain op 3rd 2014 (3)}) 8... O-O ({RR} 8... g5 9. Bxb6 axb6 10. Nbd2 Qe7 11. Nc4 Bd7 12. d4 g4 13. Nfd2 exd4 14. cxd4 b5 15. d5 bxc4 16. dxc6 Bxc6 17. Bxc4 O-O-O 18. Qb3 Nd7 19. Rfe1 Ne5 20. Bd5 Qg5 21. Re3 Bxd5 22. exd5 Nd7 23. Ne4 {0-1 Velkoski,S (1755)-Veljanoski,A (2015) FRM-ch U16 Ohrid 2020 (9)}) 9. Nbd2 Ng4 $146 ({RR} 9... d5 10. Bxb6 axb6 11. Re1 d4 12. cxd4 exd4 13. a3 Re8 14. Rc1 Ra5 15. Ba4 b5 16. Bb3 b4 17. a4 Bg4 18. h3 Bd7 19. Bc4 Nh5 20. Bb5 Nf4 21. Nb3 Ra7 22. Bxc6 Bxc6 23. Nbxd4 Bxa4 24. Qd2 {1-0 Tatar Kis,S (2411)-Szilagyi,P (2399) HUN-chT2 Maroczy 0405 2004 (3)}) ({RR} 9... Ne7 10. Nc4 Be6 11. Nh4 Bxc4 12. Bxc4 c6 13. Bb3 d5 14. Bxb6 Qxb6 15. Qf3 a5 16. Rab1 a4 17. Bc2 dxe4 18. dxe4 Rfd8 19. Qe2 Rd6 20. Nf3 Ng6 21. g3 Qc7 22. Rfd1 b5 23. Rxd6 Qxd6 24. Rd1 {1-0 Belouadah,S (2287)-Masango,S (2165) African Games op 10th 2011 (5.3)}) ({RR} 9... Ne7 10. Nc4 Ng6 11. Re1 Be6 12. Bxb6 axb6 13. d4 Re8 14. Qc2 b5 15. Ncd2 c6 16. dxe5 dxe5 17. Nf1 Qa5 18. Bxe6 Rxe6 19. a3 Rd6 20. Ng3 Rad8 21. Rad1 Qc7 22. h4 h5 23. Rxd6 Qxd6 24. a4 {0-1 Trygstad,K (2313)-Sargissian,G (2673) EU-Cup 23rd Kemer 2007 (1.4)}) 10. Bxb6 axb6 11. h3 Nf6 12. d4 Re8 13. Re1 Bd7 14. a3 Nh7 15. Nf1 Ng5 16. Nxg5 Qxg5 17. Re3 exd4 18. cxd4 Qh4 19. Ng3 Ne7 20. Rc1 c6 21. Rf3 Rf8 22. Ne2 Qxe4 23. Bc2 Qh4 24. Qd3 f5 25. Qb3+ Kh8 26. Nf4 Qf6 27. Re1 Nc8 28. h4 d5 29. h5 Kh7 30. Ng6 Rd8 31. Ne5 Nd6 32. Rg3 Be8 33. Qxb6 Bxh5 34. Qb4 Rab8 35. Rh3 Bg6 36. Ree3 Ne4 37. f3 Nd6 38. Qe1 Be8 39. Bb1 Kg8 40. a4 Ra8 41. b3 Rab8 42. f4 Ne4 43. b4 Ra8 44. Bc2 Rdc8 45. Bb3 Kh7 46. Bc2 Kg8 47. Bb3 Kh7 48. Bc2 1/2-1/2

[Event "45th Olympiad 2024"]
[Site "Budapest HUN"]
[Date "2024.09.14"]
[Round "4.73"]
[Board "2"]
[White "Prasad, Rudr"]
[Black "Yee, Soon Wei"]
[Result "0-1"]
[WhiteElo "1777"]
[BlackElo "2219"]
[PlyCount "94"]
[EventDate "2024.09.11"]
[WhiteTeam "Fiji"]
[BlackTeam "Brunei Darussalam"]
[WhiteTeamCountry "FIJ"]

1. d4 Nf6 2. c4 g6 3. Nc3 d5 4. Nf3 Bg7 5. e3 O-O 6. cxd5 Nxd5 7. Bc4 Nxc3 8. bxc3 c5 9. O-O Nc6 10. Ba3 cxd4 11. cxd4 Na5 ({RR} 11... Bf5 12. Rc1 Rc8 13. Bb5 Be4 14. Rc5 a6 15. Bd3 Bxd3 16. Qxd3 Qd7 17. Rfc1 Rfd8 18. h4 e6 19. h5 b5 20. Qe4 f5 21. Qh4 b4 22. hxg6 hxg6 23. Bb2 Ne7 24. Ng5 {1-0 Martirosyan,H (2662)-Brunello,S (2499) Coupe de France 2024 (1.6)}) ({RR} 11... b6 12. Rc1 Bb7 13. Ng5 Na5 14. Be2 h6 15. Nf3 Qd7 16. Bb4 Rfc8 17. Qd2 Nc6 18. Bc3 e6 19. Bb5 a6 20. Be2 Rd8 21. Qb2 b5 22. Rb1 Rab8 23. Rfd1 b4 24. Be1 a5 25. Rbc1 Ne7 26. Ne5 {½-½ Mahdian,A (2069)-Hrebenshchykova,Y (2282) Swiss Queens Wed #2 2024 (5.223)}) 12. Bd3 Be6 13. Qe2 a6 14. Rfc1 $146 ({RR} 14. Ng5 Bd7 15. f4 b5 16. h4 h6 17. Ne4 Be6 18. h5 Bc4 19. hxg6 fxg6 20. Nc5 Qd6 21. Bb4 Bxd3 22. Nxd3 Qd8 23. Nc5 Rf7 24. Qd3 Nc4 25. Ne6 Qd7 26. Qxg6 Nxe3 27. Rf3 Nf5 28. Nxg7 Rxg7 {0-1 Shokoohi,H-Mohebbi,M IRI-ch U20 Iran 1994 (5)}) ({RR} 14. Rab1 b5 15. Bb4 Rc8 16. a4 Bc4 17. axb5 axb5 18. Nd2 Bxd3 19. Qxd3 Rb8 20. Rfc1 Re8 21. Rc5 Qb6 22. Bxa5 Qxa5 23. Rcxb5 Rxb5 24. Qxb5 Qxb5 25. Rxb5 Rc8 26. Kf1 f5 27. g3 Bf6 28. Nf3 Rc7 {1-0 Franco,V (2125)-Goihl,M (2080) Ruhrgebiet VK3 0405 2004 (5.1)}) ({RR} 14. Rac1 b5 15. Bc5 Rc8 16. Ng5 Bc4 17. Bxc4 Nxc4 18. Rc2 Qd7 19. a4 Rfd8 20. axb5 axb5 21. Nf3 e5 22. Rd1 Rxc5 {0-1 Svent,M-Novak,G (2172) SLO-ch U18 Maribor 2001}) 14... b5 15. Nd2 Bd5 16. Bc5 Re8 17. e4 Be6 18. Qe3 Nb7 19. e5 Qd7 20. Be4 Rac8 21. Nb3 Bd5 22. Rc2 f6 23. f4 Rc6 24. a4 bxa4 25. Bxd5+ Qxd5 26. Rxa4 fxe5 27. fxe5 Bxe5 28. Rb4 Re6 29. dxe5 Qd1+ 30. Kf2 Qxc2+ 31. Kg3 Rd8 32. Bd4 Qc6 33. Bb6 Rd5 34. Nd4 Qd7 35. Nf3 Nd8 36. Bxd8 Qxd8 37. Qb3 Kg7 38. Rd4 Rexe5 39. Nxe5 Rxd4 40. Qf7+ Kh8 41. Qf2 Kg7 42. Qf7+ Kh6 43. Qf2 Qd6 44. Qe3+ Kg7 45. Kf2 Rd2+ 46. Kf1 Qd4 47. Qg3 Qa1+ 0-1

[Event "45th Olympiad 2024"]
[Site "Budapest HUN"]
[Date "2024.09.14"]
[Round "4.73"]
[Board "3"]
[White "Pg. Shahridin, Ak. Abdul Wafie"]
[Black "Terubea, Ronald"]
[Result "0-1"]
[WhiteElo "1912"]
[BlackElo "1836"]
[PlyCount "110"]
[EventDate "2024.09.11"]
[WhiteTeam "Brunei Darussalam"]
[BlackTeam "Fiji"]
[BlackTeamCountry "FIJ"]

1. c4 e5 2. Nc3 Nf6 3. e4 Bc5 4. g3 d6 5. h3 Nc6 6. Bg2 Bd7 $146 ({RR} 6... O-O 7. Nge2 Be6 8. d3 h6 9. O-O Qd7 10. Kh2 Kh8 11. f4 Qe7 12. f5 Bd7 13. g4 Nh7 14. Nd5 Qd8 15. Ng3 Nd4 16. f6 Nxf6 17. Nxf6 gxf6 18. Nh5 Rg8 19. Rxf6 Rg6 20. Bxh6 Kh7 21. Rxf7+ {1-0 Pkhakadze,N-Geczi,M Wch U10 Girls 1994 (4)}) ({RR} 6... a6 7. Nge2 b5 8. d3 bxc4 9. dxc4 O-O 10. O-O Nd4 11. Be3 Nxe2+ 12. Qxe2 Nd7 13. Rad1 a5 14. Na4 Bxe3 15. Qxe3 Ba6 16. Rc1 Bb7 17. b3 Bc6 18. Nb2 Qb8 19. Nd3 Qb7 20. c5 Nf6 21. Rfe1 {0-1 Urbanc,P (2262)-Kovacevic,A (2515) Portoroz op 10th 2016 (4)}) ({RR} 6... Nd7 7. d3 Nf8 8. Nge2 Ne6 9. Nd5 a5 10. O-O Ncd4 11. Kh2 h5 12. f4 h4 13. g4 Nxe2 14. Qxe2 c6 15. Nc3 exf4 16. Bxf4 Nxf4 17. Rxf4 Bd4 18. e5 dxe5 19. Raf1 f6 20. g5 f5 21. Qe1 {0-1 Wais,M (1849)-Rempe,J (2005) 42nd St Veit Open 2023 (5.30)}) ({RR} 6... Be6 7. d3 h6 8. Nge2 Nd4 9. O-O c6 10. Kh2 Qe7 11. a3 a5 12. Bd2 Nd7 13. Rb1 O-O 14. f4 f5 15. Nxd4 Bxd4 16. Ne2 a4 17. Bc3 Bxc3 18. Nxc3 fxe4 19. Bxe4 exf4 20. gxf4 Ra5 21. Qe2 {1-0 Scovitin,A (2103)-Janetschek,K (2231) EU-chT Seniors 2015 (8.3)}) ({RR} 6... Be6 7. d3 Nd4 8. Nge2 c6 9. O-O h6 10. Kh2 Qd7 11. Rb1 g5 12. b4 Nxe2 13. Nxe2 Bb6 14. f4 gxf4 15. gxf4 exf4 16. Nxf4 Bd4 17. Bb2 Bxb2 18. Rxb2 Ke7 19. Rbf2 Raf8 20. Qe2 Nh7 21. d4 {1-0 Baldarov,A-Sosov,Y (1923) Buryatia-ch Ulan-Ude 2011 (7)}) 7. Nge2 h6 8. O-O O-O 9. d3 Nh7 10. Be3 Nd4 11. Bxd4 Bxd4 12. Nxd4 exd4 13. Ne2 c5 14. b4 b6 15. b5 Rc8 16. Qd2 f5 17. Nf4 g5 18. Nd5 f4 19. Qe2 Nf6 20. e5 Re8 21. Nxf6+ Qxf6 22. exf6 Rxe2 23. Bf3 Re5 24. Bh5 Rf8 25. f7+ Kg7 26. Rae1 Be6 27. gxf4 gxf4 28. Rxe5 dxe5 29. Kg2 Kf6 30. Kf3 Bf5 31. Rd1 Kg5 32. Bg4 Rxf7 33. Rg1 Bxd3 34. Be6+ Kf6 35. Bxf7 Kxf7 36. h4 Bg6 37. h5 Bxh5+ 38. Ke4 Kf6 39. Kd3 Bg6+ 40. Kd2 e4 41. a4 e3+ 42. fxe3 fxe3+ 43. Ke2 Kf5 44. a5 bxa5 45. Rh1 h5 46. Kf3 Ke5 47. Rg1 Be4+ 48. Ke2 Kf4 49. Rf1+ Kg3 50. Rf7 h4 51. Rg7+ Kf4 52. Rf7+ Bf5 53. Rxa7 d3+ 54. Kf1 d2 55. Ke2 Bg4+ 0-1

[Event "45th Olympiad 2024"]
[Site "Budapest HUN"]
[Date "2024.09.14"]
[Round "4.73"]
[Board "4"]
[White "Maharaj, Yash Krishen"]
[Black "Akmal, Ahmad"]
[Result "0-1"]
[WhiteElo "1847"]
[BlackElo "1830"]
[PlyCount "58"]
[EventDate "2024.09.11"]
[WhiteTeam "Fiji"]
[BlackTeam "Brunei Darussalam"]
[WhiteTeamCountry "FIJ"]

1. e4 c5 2. Nf3 e6 3. d4 cxd4 4. Nxd4 Nc6 5. Nc3 Qc7 6. Be3 a6 7. a3 b5 8. Nxc6 Qxc6 9. Bd3 Nf6 ({RR} 9... Bb7 10. f4 Bc5 11. Qe2 Rc8 12. g4 Ne7 13. f5 O-O 14. Rf1 f6 15. g5 exf5 16. Bxc5 Qxc5 17. gxf6 Rxf6 18. O-O-O f4 19. e5 f3 20. Qe1 Re6 21. Qh4 Ng6 22. Bxg6 Rxg6 23. Rxd7 Bc6 24. Rd8+ {1-0 Nepomniachtchi,I (2784)-Matlakov,M (2685) Titled Tuesday intern op 26th May blitz 2020 (10)}) ({RR} 9... Bb7 10. f4 Bc5 11. Qf3 d6 12. O-O Nf6 13. f5 Bxe3+ 14. Qxe3 Qc5 15. Qxc5 dxc5 16. fxe6 fxe6 17. e5 Ng4 18. Ne4 Bxe4 19. Bxe4 Rb8 20. Rad1 Ke7 21. Rd6 Nxe5 22. Rxa6 Rhd8 23. Re1 g6 24. Bd3 {1-0 Degenbaev,A (2227)-Sturt,R (2459) Titled Tue 23rd Jan Late 2024 (6)}) 10. Qd2 $146 ({RR} 10. f3 d6 11. Qd2 Be7 12. O-O-O O-O 13. g4 Rb8 14. h4 a5 15. Ne2 b4 16. axb4 axb4 17. Nd4 Qa4 18. Nb3 Ba6 19. Bxa6 Qxa6 20. Qd3 Qa4 21. h5 Nd7 22. Bd4 e5 23. Be3 Nc5 24. Qd5 Rfc8 {1-0 Gavrilin,R (2156)-Morales Garcia,S (2221) Titled Tue 22nd Aug Early 2023 (11)}) 10... Be7 11. O-O-O O-O 12. h3 b4 13. axb4 Bxb4 14. g4 d6 15. f4 Bb7 16. Rhg1 Rac8 17. Bd4 Nd7 18. e5 dxe5 19. fxe5 Rfd8 20. Qf2 Qc7 21. Qh4 Nf8 22. Ne4 Rxd4 23. Nf6+ gxf6 24. exf6 Rxd3 25. Qg5+ Ng6 26. c3 Rxc3+ 27. Kb1 Be4+ 28. Ka1 Ra3+ 29. bxa3 Qc3+ 0-1

[Event "45th Olympiad 2024"]
[Site "Budapest HUN"]
[Date "2024.09.14"]
[Round "4.74"]
[Board "1"]
[White "Khalema, Sechaba"]
[Black "Mfune, Petros"]
[Result "0-1"]
[WhiteElo "1779"]
[BlackElo "1986"]
[PlyCount "32"]
[EventDate "2024.09.11"]
[WhiteTeam "Lesotho"]
[BlackTeam "Malawi"]
[WhiteTeamCountry "LES"]
[BlackTeamCountry "MWI"]

1. d4 Nf6 2. c4 e5 3. a3 ({RR} 3. g3 exd4 4. Qxd4 Nc6 5. Qd2 Bb4 6. Nc3 Ne4 7. Qe3 Bxc3+ 8. bxc3 Qe7 9. Bg2 Nc5 10. Qxe7+ Nxe7 11. Nf3 d6 12. Nd4 Na4 13. Bd2 c6 14. O-O Nb6 15. c5 dxc5 16. Nb3 Na4 17. f4 Bg4 {1-0 Kucuksari,K (2331)-Acor,C (2325) Titled Tuesday intern op 30th Nov blitz 2021 (11)}) ({RR} 3. g3 exd4 4. Qxd4 Nc6 5. Qd1 Bb4+ 6. Bd2 O-O 7. Bg2 Re8 8. Nf3 d6 9. O-O Bg4 10. Bg5 h6 11. Be3 a5 12. h3 Bxf3 13. Bxf3 Ne5 14. Bxb7 Nxc4 15. Bd4 Rb8 16. Bg2 Qe7 17. e3 c5 {0-1 Bongo Akanga Ndjila,B (1824)-Floresvillar Gonzalez,L (2019) Titled Tue 23rd Jan Late 2024 (6)}) 3... exd4 4. Qxd4 Nc6 5. Qd2 $146 ({RR} 5. Qd1 a5 6. Nf3 Bc5 7. Nc3 O-O 8. Bg5 d6 9. Nd5 Bxf2+ 10. Kxf2 Ne4+ 11. Kg1 Nxg5 12. h4 Nxf3+ 13. exf3 Ne7 14. Ne3 f5 15. Bd3 f4 16. Nd5 c6 17. Nxe7+ Qxe7 18. Qc2 h6 19. Be4 Qf6 {½-½ Sinner,A (1506)-Pichler,K (1875) Bolzano op 2nd 2007 (4)}) ({RR} 5. Qh4 d6 6. Bg5 Be7 7. Nf3 Bf5 8. Nc3 O-O 9. Qf4 Qd7 10. Nh4 Bg6 11. Nxg6 fxg6 12. Qd2 Rae8 13. g3 Kh8 14. Bg2 Ne5 15. b3 a6 {½-½ Niesch,F (1871)-Diebig,M (1622) GER-chT U20 Girls 2001 (4.1)}) ({RR} 5. Qd1 g6 6. Nf3 Bg7 7. Nc3 O-O 8. Qc2 Re8 9. Bg5 Ne5 10. Nxe5 Rxe5 11. Bf4 Re8 12. Bg5 c6 13. e3 d6 14. Be2 Qb6 15. O-O Be6 16. e4 d5 17. exd5 cxd5 18. Bxf6 Bxf6 19. Na4 Qc6 {1-0 Kalkman de Koster,F (1623)-Swijsen,W (1567) Maastricht Limburg op-C 6th 2012 (6)}) 5... a5 6. Nc3 Bc5 7. Qg5 Qe7 8. Nb5 Bxf2+ 9. Kd1 O-O 10. Nxc7 Qd6+ 11. Nd5 Ne5 12. Bf4 Nxd5 13. cxd5 Qxd5+ 14. Bd2 Qb3+ 15. Kc1 Nc4 16. Rb1 Ne3 0-1

[Event "45th Olympiad 2024"]
[Site "Budapest HUN"]
[Date "2024.09.14"]
[Round "4.74"]
[Board "2"]
[White "Mwale, Joseph"]
[Black "Tsephe, Lebajoa"]
[Result "1/2-1/2"]
[WhiteElo "2063"]
[BlackElo "1900"]
[PlyCount "126"]
[EventDate "2024.09.11"]
[WhiteTeam "Malawi"]
[BlackTeam "Lesotho"]
[WhiteTeamCountry "MWI"]
[BlackTeamCountry "LES"]

1. e4 c5 2. Nf3 d6 3. d4 cxd4 4. Nxd4 Nf6 5. Nc3 a6 6. Bg5 e6 7. f4 Be7 8. Qf3 Qc7 9. O-O-O Nbd7 10. g4 h6 11. Bxf6 Bxf6 12. h4 Nb6 13. g5 Bxd4 14. Rxd4 Bd7 ({RR} 14... Qc5 15. Rd2 Bd7 16. Be2 Rc8 17. gxh6 Rxh6 18. h5 Na4 19. Nxa4 Bxa4 20. c3 Bc6 21. Rhd1 Ba4 22. b3 Bb5 23. c4 Bc6 24. Kb2 Rd8 25. Qg3 Bxe4 26. Rd4 Qf5 27. Qxg7 Rh7 28. Qg1 Qf6 29. Qg5 {1-0 Brkic,A (2621)-Van Foreest,J (2691) FIDE Grand Swiss 2021 (7)}) 15. Qd3 ({RR} 15. Be2 hxg5 16. hxg5 Rxh1+ 17. Qxh1 Qc5 18. Qd1 Ke7 19. Kb1 Rc8 20. f5 exf5 21. exf5 Bxf5 22. Bg4 Be6 23. a3 Rh8 24. Bxe6 fxe6 25. Ne4 Qc6 26. Ka2 d5 27. Nc3 Nc4 28. Qe2 Qc5 29. Nxd5+ Kd6 {1-0 Manvelyan,M (2215)-Tripodi,E (2192) Titled Tue 13th Aug Late 2024 (2)}) 15... hxg5 $146 ({RR} 15... Bc6 16. Rxd6 Ke7 17. Rd4 Qxf4+ 18. Kb1 Rad8 19. Nd5+ Bxd5 20. exd5 Qd6 21. Bg2 hxg5 22. hxg5 Rxh1+ 23. Bxh1 Qh2 24. d6+ Rxd6 25. Rxd6 Qxd6 26. Qxd6+ Kxd6 27. Bxb7 a5 28. b3 f6 29. gxf6 gxf6 30. c4 {1-0 Carlsson,L (2382)-Sahil,T (2201) Titled Tuesday intern op 22nd Feb Early blitz 2022 (8)}) ({RR} 15... Ke7 16. f5 Bc6 17. f6+ gxf6 18. gxf6+ Kxf6 19. Rxd6 Ke7 20. Rd4 Rad8 21. Bg2 Qf4+ 22. Kb1 Qf2 23. Rxd8 Rxd8 24. Qh3 Rd2 25. Bf3 Rxc2 26. Rf1 Rxb2+ 27. Ka1 Qc2 28. Bh5 Be8 29. Qe3 Na4 30. Rc1 {0-1 Ljukin,S (2362)-Sorokin,A (2536) Titled Tuesday intern op 04th Jan blitz 2022 (1)}) ({RR} 15... O-O-O 16. gxh6 gxh6 17. Rxd6 Bc6 18. Rxd8+ Rxd8 19. Qe3 f5 20. Rg1 fxe4 21. Bh3 Kb8 22. Bxe6 Na4 23. Nxa4 Bxa4 24. Qxe4 Bxc2 25. Qxc2 Qxf4+ 26. Kb1 Qe3 27. Rc1 {1-0 Raeber,M (2245)-Haist,W (2241) Pontresina Seniors-HT I 2000 (6)}) 16. fxg5 Rd8 17. g6 Bc6 18. Bh3 Rxh4 19. Qg3 Rh6 20. gxf7+ Qxf7 21. Rg1 Nc8 22. Rd3 Rd7 23. Rf3 Rf6 24. Rgf1 Re7 25. Rxf6 gxf6 26. Qh4 Bd7 27. Rxf6 Qg7 28. Bg4 b5 29. e5 dxe5 30. Ne4 Kd8 31. Rf3 Kc7 32. Nc5 Bc6 33. Nxa6+ Kb6 34. Rc3 Kxa6 35. Rxc6+ Kb7 36. Rc5 Na7 37. Qh1+ Kb8 38. Bf3 Qg5+ 39. Kb1 Rh7 40. Qe1 Qf4 41. Qxe5+ Qxe5 42. Rxe5 Rf7 43. Bd1 Rf6 44. b4 Kc7 45. Be2 Kd6 46. Rc5 Rf5 47. Rxf5 exf5 48. Kb2 Ke5 49. Kb3 f4 50. c4 Nc6 51. Bf1 Nd4+ 52. Kc3 bxc4 53. a4 f3 54. a5 Nf5 55. Bxc4 Kd6 56. b5 Kc5 57. Bf1 Ne3 58. a6 Kb6 59. Bd3 f2 60. Kd4 f1=Q 61. Bxf1 Nxf1 62. Kd5 Ne3+ 63. Ke6 Nc2 1/2-1/2

[Event "45th Olympiad 2024"]
[Site "Budapest HUN"]
[Date "2024.09.14"]
[Round "4.74"]
[Board "3"]
[White "Karabo Mokete"]
[Black "Kamwendo Precious"]
[Result "1-0"]
[WhiteElo "1836"]
[BlackElo "2001"]
[PlyCount "79"]
[EventDate "2024.09.11"]
[WhiteTeam "Lesotho"]
[BlackTeam "Malawi"]
[WhiteTeamCountry "LES"]
[BlackTeamCountry "MWI"]

1. d4 Nf6 2. c4 e6 3. g3 d5 4. Nf3 Nbd7 5. Bg2 Bb4+ 6. Nc3 O-O 7. O-O ({RR} 7. Qb3 c5 8. O-O cxd4 9. Qxb4 a5 10. Qa3 dxc3 11. Qxc3 b6 12. cxd5 Nxd5 13. Qd2 Nc5 14. b3 Ba6 15. Bb2 Rc8 16. Rfd1 Qe7 17. Rac1 Rfd8 18. Qe1 Nb4 19. a3 Rxd1 20. Rxd1 Nd5 21. Nd4 Bb7 {½-½ Fridman,D (2633)-Yu,Y (2764) Wch Blitz St Petersburg 2018 (5)}) 7... c6 8. Qc2 ({RR} 8. Qd3 b6 9. a3 Bxc3 10. Qxc3 Ba6 11. b3 Rc8 12. Bf4 c5 13. Rfd1 Qe7 14. Ne5 cxd4 15. Qxd4 Nxe5 16. Bxe5 Rfd8 17. Bxf6 Qxf6 18. Qxf6 gxf6 19. cxd5 Bxe2 20. Rd2 Bg4 21. h3 Bh5 22. f4 Rc3 {0-1 Kim,Y (2304)-Seo,J (2455) Titled Tue 30th Apr Early 2024 (6)}) 8... Re8 9. Bf4 Nf8 $146 ({RR} 9... Nh5 10. Bg5 Be7 11. h4 h6 12. Bxe7 Qxe7 13. e4 dxe4 14. Nxe4 e5 15. c5 exd4 16. Rfe1 Ne5 17. Nxd4 Rd8 18. Qc3 Qc7 19. Nd6 Ng6 20. Rad1 Bg4 21. Bf3 Nf6 22. Bxg4 Nxg4 23. N4f5 Nf6 24. Nxh6+ {1-0 Salem,A (2642)-Nithin,K (1846) Sharjah op rapid 2018 (5)}) 10. Rfd1 Ng6 11. Bg5 h6 12. Bxf6 Qxf6 13. e4 Bxc3 14. bxc3 dxc4 15. e5 Qd8 16. Nd2 c5 17. Nxc4 cxd4 18. cxd4 Re7 19. d5 exd5 20. Bxd5 Qc7 21. Qxg6 Be6 22. Bxe6 Rxe6 23. Qe4 Rae8 24. Qd4 Rc6 25. Nd6 Re6 26. Rd2 a6 27. f4 Re7 28. Nf5 Re8 29. Rad1 Rc2 30. e6 f6 31. Rxc2 Qxc2 32. Qd7 Qc5+ 33. Rd4 Qc1+ 34. Kf2 Qc2+ 35. Rd2 Qc5+ 36. Ne3 Qf8 37. f5 Kh7 38. Qxb7 Qc5 39. Qf7 Re7 40. Qg6+ 1-0

[Event "45th Olympiad 2024"]
[Site "Budapest HUN"]
[Date "2024.09.14"]
[Round "4.75"]
[Board "1"]
[White "Van Bemmelen, Ursus"]
[Black "Mathurin, Nathaniel"]
[Result "1/2-1/2"]
[WhiteElo "2146"]
[BlackElo "1982"]
[PlyCount "99"]
[EventDate "2024.09.11"]
[WhiteTeam "Netherlands Antilles"]
[BlackTeam "Saint Lucia"]
[WhiteTeamCountry "AHO"]

1. d4 Nf6 2. Nf3 d5 3. e3 e6 4. Bd3 c5 5. b3 cxd4 6. exd4 Bd6 7. O-O O-O 8. Bb2 Nc6 9. Nbd2 Nb4 10. Be2 Qc7 ({RR} 10... b6 11. Ne5 Bb7 12. a3 Nc6 13. Bd3 Rc8 14. Re1 Ne7 15. Qe2 Ng6 16. g3 b5 17. Rac1 a6 18. b4 Bxe5 19. dxe5 Ne4 20. Bd4 Qg5 21. Nf3 Qf5 22. c3 Rc4 23. Nd2 Nxe5 24. Bxe5 Qxe5 25. Bxc4 {1-0 So,W (2815)-Carlsen,M (2832) chess.com Speed 3m+2spm 2017 blitz (3.17)}) 11. a3 ({RR} 11. c4 Ne4 12. g3 f5 13. Ne5 Bxe5 14. dxe5 Rd8 15. Qc1 d4 16. a3 Nc6 17. Nf3 d3 18. Bd1 a5 19. Bc3 b6 20. Nd2 Nxc3 21. Qxc3 Nxe5 22. Re1 Nf7 23. Bf3 Ra7 24. Rac1 e5 25. Bd5 e4 {0-1 Papadimitriou,L (2057)-Woelk,T (2352) 17th Paleochora Open 2024 (2.8)}) 11... Nc6 12. Bd3 Re8 $146 ({RR} 12... e5 13. dxe5 Nxe5 14. Nxe5 Bxe5 15. Bxe5 Qxe5 16. Re1 Qf4 17. Nf1 Ne4 18. Bxe4 dxe4 19. Qd5 Re8 20. Ng3 Qe5 21. Qxe5 Rxe5 22. Rxe4 Rxe4 23. Nxe4 Bf5 24. f3 Bxe4 25. fxe4 Re8 26. Rd1 g6 27. Rd7 {1-0 Blasco,D (1965)-Roversi,S (1822) Arco op 33rd 2011 (7)}) ({RR} 12... b6 13. Re1 Bb7 14. Ne5 h6 15. f4 Rac8 16. Qf3 Ne7 17. Rac1 a6 18. Re2 b5 19. c3 Qb6 20. Qh3 a5 21. Rf1 b4 22. axb4 axb4 23. c4 dxc4 24. bxc4 Qc7 25. g4 Bxe5 26. fxe5 Nh7 27. Qh5 {1-0 Skytte,R (2342)-Antal,G (2398) Smith & Williamson YM-A 11th 2001 (3)}) ({RR} 12... b6 13. Qe2 Bb7 14. Ne5 a6 15. c4 Rad8 16. Rac1 Bxe5 17. dxe5 Nd7 18. cxd5 exd5 19. e6 Nc5 20. Bxh7+ Kxh7 21. Qh5+ Kg8 22. Bxg7 Kxg7 23. Qg5+ Kh8 24. Qf6+ Kg8 25. Qg5+ Kh8 26. Qh6+ Kg8 27. Qg5+ {½-½ Gleichmann,M (2063)-Stumbries,L (1684) Leipzig VfB op 16th 2009 (6)}) 13. Re1 e5 14. dxe5 Nxe5 15. Nxe5 Bxe5 16. Bxe5 Rxe5 17. Nf3 Rh5 18. h3 Be6 19. Qd2 Bf5 20. Be2 Bg6 21. Nd4 Re5 22. Bf3 Rae8 23. a4 Be4 24. Be2 Rc8 25. Rac1 h6 26. c4 dxc4 27. Nb5 Qb8 28. Bxc4 Rd8 29. Qf4 a6 30. Nc3 Rde8 31. Nxe4 Rxe4 32. Rxe4 Nxe4 33. Qxf7+ Kh8 34. Bd3 Rf8 35. Qg6 Qf4 36. Rf1 Ng5 37. Kh1 Rf6 38. Qe8+ Rf8 39. Qh5 Rd8 40. Qg6 Qd2 41. Bf5 Qe2 42. Kg1 Rf8 43. Bd3 Qe5 44. Rc1 Qb2 45. Rc2 Qa1+ 46. Kh2 Qe5+ 47. Kg1 Qe1+ 48. Kh2 Qe5+ 49. Kg1 Qe1+ 50. Kh2 1/2-1/2

[Event "45th Olympiad 2024"]
[Site "Budapest HUN"]
[Date "2024.09.14"]
[Round "4.75"]
[Board "2"]
[White "Gabriel, Sixtus"]
[Black "Capella, Rurik"]
[Result "0-1"]
[WhiteElo "1800"]
[BlackElo "1971"]
[PlyCount "54"]
[EventDate "2024.09.11"]
[WhiteTeam "Saint Lucia"]
[BlackTeam "Netherlands Antilles"]
[BlackTeamCountry "AHO"]

1. e4 c5 2. Nf3 e6 3. Nc3 Nc6 4. d4 cxd4 5. Nxd4 Bc5 6. Nb3 Bb6 7. Bf4 a6 ({RR} 7... e5 8. Bg3 h5 9. h4 Nf6 10. Bc4 d6 11. Qd2 Be6 12. Bxe6 fxe6 13. O-O-O Nd4 14. Qg5 O-O 15. Rhe1 a5 16. Nxd4 exd4 17. Nb5 e5 18. f4 Ng4 19. Qxh5 Ne3 20. fxe5 Nxd1 21. Rxd1 dxe5 22. Qxe5 {½-½ Efroimski,M (2467)-Safarli,E (2614) Grand Prix Bucharest 2024 (10.13)}) 8. Be2 Nge7 9. Qd2 O-O $146 ({RR} 9... Ng6 10. Bd6 Nce7 11. h4 Bc7 12. h5 Ne5 13. f4 Bxd6 14. Qxd6 N5c6 15. O-O-O b6 16. f5 Bb7 17. Kb1 Nc8 18. Qg3 O-O 19. Rhf1 exf5 20. exf5 f6 21. h6 Qe7 22. Bc4+ Rf7 {1-0 Castro,C (2079)-Moreno,J (1567) Montevideo Wednesday at the Mystery 1st 2021 (1)}) 10. f3 d5 11. exd5 Nxd5 12. Nxd5 exd5 13. O-O-O Be6 14. Be3 Rc8 15. Kb1 Re8 16. Bxb6 Qxb6 17. c3 a5 18. Rhe1 a4 19. Nd4 a3 20. b3 Nxd4 21. cxd4 Bf5+ 22. Ka1 Rc2 23. Bf1 Rec8 24. Qf4 Qc6 25. Qe3 b5 26. g4 b4 27. gxf5 Rxa2+ 0-1